00569nam a2200181 a 4500008004100000050001800041100002600059245005500085260002500140300000900165350000900174490002300183650002800206650004100234650003400275650003000309710004800339091014s1995 ||||||||||||||||| || u aAERC(08)SP/19 aSchmidt-Hebbel, Klaus10aFiscal adjustment and growth: in and out of Africa aNairobi:bAERCc1995 a53p. a0.00 aAERC Special paper 0aAFRICA--ECONOMIC POLICY aFINANCE, PUBLIC--AFRICA, SUB-SAHARAN 0aFINANCE--DEVELOPING COUNTRIES aDEFICIT FINANCING--AFRICA aAfrican Economic Research Consortium (AERC)